[Event "Catalunya-chT Gp1"]
[Site "Barcelona"]
[Date "2022.03.12"]
[Round "8.5"]
[White "Gonzalez Hernandez, Ferran"]
[Black "Escobar Medina, Andres F"]
[Result "0-1"]
[WhiteElo "2176"]
[BlackElo "2322"]
[PlyCount "154"]
[EventDate "2022.01.22"]
[EventType "team-tourn"]
[EventRounds "9"]
[EventCountry "ESP"]
[SourceTitle "CBM 208 Extra"]
[Source "ChessBase"]
[SourceDate "2022.07.31"]
[SourceVersion "1"]
[SourceVersionDate "2022.07.31"]
[SourceQuality "1"]
[WhiteTeam "Sant Andreu"]
[BlackTeam "Badalona Cor de Marina"]
[WhiteTeamCountry "ESP"]
[BlackTeamCountry "ESP"]

1. e4 g6 2. d4 Bg7 3. Nc3 d6 4. f4 a6 5. Nf3 b5 6. Bd3 Bb7 7. e5 e6 8. Ne4 Bxe4 9. Bxe4 d5 10. Bd3 Nd7 11. Be3 Bf8 12. 0-0 h5 13. Ng5 Ne7 14. h3 h4 15. Nxe6 fxe6 16. Qg4 Rg8 17. Qxe6 Bh6 18. Qg4 Nf8 19. Bf2 Qd7 20. Qxh4 Bg7 21. g4 Ne6 22. Be3 c5 23. c3 c4 24. Bc2 0-0-0 25. Kh2 Rh8 26. Qg3 Rdg8 27. a4 Kb7 28. axb5 axb5 29. Ra5 Nc7 30. Qf3 Nc6 31. Raa1 Bf8 32. f5 gxf5 33. Bxf5 Qd8 34. b3 cxb3 35. Rfb1 Bh6 36. Bf2 Qg5 37. Rxb3 Qf4+ 38. Qxf4 Bxf4+ 39. Kg2 Ra8 40. Rxa8 Rxa8 41. Bd3 Kb6 42. Rb2 Ra3 43. Be1 Be3 44. Bf5 Bg5 45. h4 Be7 46. g5 Ra1 47. Bd2 Na5 48. Bd3 Nc4 49. Bxc4 dxc4 50. h5 b4 51. g6 b3 52. h6 Bf8 53. g7 Bxg7 54. hxg7 Ra8 55. Kf3 Rg8 56. Bh6 Nd5 57. Ke4 Nxc3+ 58. Kf5 Na4 59. Rb1 Nc3 60. Rf1 b2 61. Ke6 Kc6 62. d5+ Nxd5 63. Kf7 Ra8 64. g8Q Rxg8 65. Kxg8 c3 66. Rb1 Nc7 67. Kf7 Kd5 68. Rd1+ Kc4 69. e6 c2 70. Rd4+ Kxd4 71. Bg7+ Kd5 72. Bxb2 Nxe6 73. Kf6 Nf4 74. Bc1 Ne2 75. Bg5 Ke4 76. Ke6 Nd4+ 77. Kd6 Nb3 0-1

[Event "Catalunya-chT Gp2"]
[Site "Barcelona"]
[Date "2020.02.08"]
[Round "4.4"]
[White "Tallo Dominguez, Imar"]
[Black "Gonzalez Hernandez, Ferran"]
[Result "1-0"]
[WhiteElo "2232"]
[BlackElo "2194"]
[PlyCount "77"]
[EventDate "2020.01.18"]
[EventType "team-tourn"]
[EventRounds "7"]
[EventCountry "ESP"]
[SourceTitle "CBM 194 Extra"]
[Source "ChessBase"]
[SourceDate "2020.03.31"]
[SourceVersion "1"]
[SourceVersionDate "2020.03.31"]
[SourceQuality "1"]
[WhiteTeam "Colon Ateneu"]
[BlackTeam "Sant Andreu"]
[WhiteTeamCountry "ESP"]
[BlackTeamCountry "ESP"]

1. e4 c5 2. Nf3 Nc6 3. Bb5 Na5 4. Be2 a6 5. a3 e6 6. b4 cxb4 7. axb4 Bxb4 8. 0-0 b5 9. c3 Be7 10. d3 Bb7 11. Nbd2 d6 12. Ba3 Nc6 13. d4 d5 14. e5 Na5 15. Nb3 Nxb3 16. Qxb3 Bxa3 17. Rxa3 Ne7 18. Rfa1 0-0 19. Ne1 Qb6 20. Nd3 Rfb8 21. Nc5 Bc8 22. Qa2 Nc6 23. Rb3 Ra7 24. f4 b4 25. Qd2 a5 26. cxb4 axb4 27. Rab1 Ra5 28. Rc1 Ra3 29. h3 Rba8 30. Kh2 g6 31. Bf3 Rxb3 32. Nxb3 Ba6 33. f5 Bc4 34. f6 Qb8 35. Nc5 Nxe5 36. dxe5 Qxe5+ 37. Kh1 Ra1 38. Nd7 Rxc1+ 39. Qxc1 1-0

[Event "Catalunya-chT Gp2"]
[Site "Barcelona"]
[Date "2020.02.01"]
[Round "3.5"]
[White "Montell Lorenzo, Joan Carlos"]
[Black "Gonzalez Hernandez, Ferran"]
[Result "1-0"]
[WhiteElo "2247"]
[BlackElo "2194"]
[PlyCount "53"]
[EventDate "2020.01.18"]
[EventType "team-tourn"]
[EventRounds "7"]
[EventCountry "ESP"]
[SourceTitle "CBM 194 Extra"]
[Source "ChessBase"]
[SourceDate "2020.03.31"]
[SourceVersion "1"]
[SourceVersionDate "2020.03.31"]
[SourceQuality "1"]
[WhiteTeam "Salauris"]
[BlackTeam "Sant Andreu"]
[WhiteTeamCountry "ESP"]
[BlackTeamCountry "ESP"]

1. e4 c5 2. Nf3 Nc6 3. d4 cxd4 4. Nxd4 Nf6 5. Nc3 d6 6. Be2 e5 7. Nf3 h6 8. 0-0 Be7 9. Re1 0-0 10. h3 a6 11. a3 b5 12. Bf1 Qc7 13. g4 b4 14. Nd5 Nxd5 15. exd5 Nb8 16. axb4 f5 17. g5 f4 18. gxh6 Rf6 19. c4 Rxh6 20. Kh2 Bg4 21. Qb3 Nd7 22. Bxf4 Rh5 23. Bg3 Rf8 24. Ng1 Qb6 25. c5 dxc5 26. d6+ c4 27. Qxc4+ 1-0

[Event "British Universities-ch"]
[Site "Telford"]
[Date "2018.02.25"]
[Round "5.1"]
[White "Gonzalez Hernandez, Ferran"]
[Black "Garcia Ruiz Fuentes, Angel Marcos"]
[Result "1/2-1/2"]
[WhiteElo "2163"]
[BlackElo "2059"]
[PlyCount "47"]
[EventDate "2018.02.24"]
[EventType "team-swiss"]
[EventRounds "5"]
[EventCountry "ENG"]
[SourceTitle "CBM 183 Extra"]
[Source "ChessBase"]
[SourceDate "2018.04.19"]
[SourceVersion "1"]
[SourceVersionDate "2018.04.19"]
[SourceQuality "1"]
[WhiteTeam "London UCL"]
[BlackTeam "Bristol"]
[WhiteTeamCountry "ENG"]
[BlackTeamCountry "ENG"]

1. e4 c5 2. Nf3 d6 3. Bb5+ Nc6 4. d4 cxd4 5. Qxd4 Bd7 6. Bxc6 Bxc6 7. Nc3 e5 8. Qd3 h6 9. Nd2 Nf6 10. 0-0 Be7 11. Nc4 0-0 12. Ne3 Rc8 13. Nf5 Ne8 14. Be3 Bg5 15. Rac1 Rc7 16. Rfd1 Kh7 17. Bxg5 Qxg5 18. Qe3 Qxe3 19. Nxe3 Nf6 20. Ncd5 Nxd5 21. Nxd5 Bxd5 22. Rxd5 Rd8 23. c3 Rc5 24. Rd3 1/2-1/2

[Event "British Universities-ch"]
[Site "Telford"]
[Date "2018.02.24"]
[Round "2.1"]
[White "Li, Harry"]
[Black "Gonzalez Hernandez, Ferran"]
[Result "1/2-1/2"]
[WhiteElo "2035"]
[BlackElo "2163"]
[PlyCount "114"]
[EventDate "2018.02.24"]
[EventType "team-swiss"]
[EventRounds "5"]
[EventCountry "ENG"]
[SourceTitle "CBM 183 Extra"]
[Source "ChessBase"]
[SourceDate "2018.04.19"]
[SourceVersion "1"]
[SourceVersionDate "2018.04.19"]
[SourceQuality "1"]
[WhiteTeam "London SE"]
[BlackTeam "London UCL"]
[WhiteTeamCountry "ENG"]
[BlackTeamCountry "ENG"]

1. d4 Nf6 2. c4 g6 3. Nc3 Bg7 4. g3 d6 5. Bg2 0-0 6. e3 Nbd7 7. Nge2 Rb8 8. 0-0 a6 9. b3 c5 10. Bb2 b5 11. cxb5 axb5 12. Qc2 Bb7 13. dxc5 Nxc5 14. Nd4 b4 15. Nce2 Qb6 16. Nc1 Rfc8 17. Qd1 e5 18. Nf3 Nfe4 19. Nd2 Nxd2 20. Qxd2 Ne4 21. Qd3 Ng5 22. Rd1 Bxg2 23. Kxg2 Qc6+ 24. Qd5 Qxd5+ 25. Rxd5 Rc2 26. Nd3 Ne4 27. Rc1 Rbc8 28. a3 Bh6 29. axb4 Nxf2 30. Rxc2 Rxc2 31. Nxf2 Bxe3 32. Kf3 Bxf2 33. Ba1 Bd4 34. Bxd4 exd4 35. Rxd4 Rc3+ 36. Ke4 Rxb3 37. Kd5 Rb2 38. h4 Rb3 39. g4 h6 40. Kxd6 Kf8 41. Re4 f5 42. gxf5 gxf5 43. Rf4 Kg7 44. Kc5 Kf6 45. b5 Ke5 46. Rf1 f4 47. b6 Ke4 48. Kc6 Ke3 49. b7 f3 50. Kc7 Ke2 51. Ra1 f2 52. b8Q Rxb8 53. Kxb8 f1Q 54. Rxf1 Kxf1 55. Kc7 Kg2 56. Kd6 Kg3 57. Ke5 Kxh4 1/2-1/2

[Event "Barcelona Catalunya Tancat"]
[Site "Barcelona"]
[Date "2014.11.08"]
[Round "6"]
[White "Gonzalez Hernandez, Ferran"]
[Black "Molano Lafuente, Ismael"]
[Result "1-0"]
[WhiteElo "2159"]
[BlackElo "1901"]
[PlyCount "77"]
[EventDate "2014.09.27"]
[EventType "tourn"]
[EventRounds "9"]
[EventCountry "ESP"]
[SourceTitle "EXT 2017"]
[Source "ChessBase"]
[SourceDate "2016.10.25"]
[SourceVersion "1"]
[SourceVersionDate "2016.10.25"]
[SourceQuality "1"]

1. e4 d6 2. d4 g6 3. Nc3 Bg7 4. f4 a6 5. Nf3 b5 6. Bd3 Bb7 7. e5 e6 8. Ne4 Bxe4 9. Bxe4 d5 10. Bd3 Nd7 11. Be3 h5 12. Qe2 Nh6 13. a4 c6 14. Ng5 Nf5 15. Bf2 Qa5+ 16. c3 b4 17. 0-0 Bf8 18. c4 Be7 19. Nf3 dxc4 20. Be4 Rc8 21. Nd2 Nb6 22. Nxc4 Nxc4 23. Qxc4 0-0 24. b3 Rc7 25. Rac1 Rfc8 26. Qe2 c5 27. d5 exd5 28. Bxd5 Kg7 29. Be4 Nd4 30. Bxd4 cxd4 31. Rxc7 Rxc7 32. Bd3 Rc3 33. f5 Bg5 34. fxg6 Be3+ 35. Kh1 Qxe5 36. gxf7 Kf8 37. Qf3 Rc8 38. Bxa6 Rd8 39. Bc4 1-0

[Event "Barcelona Catalunya Tancat"]
[Site "Barcelona"]
[Date "2014.09.27"]
[Round "1"]
[White "Saez Coma, Alejandro"]
[Black "Gonzalez Hernandez, Ferran"]
[Result "1/2-1/2"]
[WhiteElo "1988"]
[BlackElo "2159"]
[PlyCount "58"]
[EventDate "2014.09.27"]
[EventType "tourn"]
[EventRounds "9"]
[EventCountry "ESP"]
[SourceTitle "EXT 2017"]
[Source "ChessBase"]
[SourceDate "2016.10.25"]
[SourceVersion "1"]
[SourceVersionDate "2016.10.25"]
[SourceQuality "1"]

1. d4 d5 2. Bf4 Nf6 3. e3 c5 4. c3 Nc6 5. Nf3 Qb6 6. Qb3 c4 7. Qc2 Bf5 8. Qc1 Qa5 9. Nh4 e6 10. Nxf5 exf5 11. Be2 Be7 12. Nd2 b5 13. 0-0 0-0 14. h3 Ne4 15. Nxe4 fxe4 16. f3 f5 17. fxe4 fxe4 18. Bg4 Qd8 19. Bg3 Bf6 20. Qd1 Qe7 21. a3 g6 22. Qd2 Na5 23. Rae1 Nb3 24. Qc2 a5 25. Rf4 h5 26. Bd1 b4 27. axb4 axb4 28. Ref1 bxc3 29. Qxc3 Na5 1/2-1/2

[Event "Catalunya-chT"]
[Site "Catalunya"]
[Date "2014.03.29"]
[Round "10.3"]
[White "Serra Pages, Jordi"]
[Black "Gonzalez Hernandez, Ferran"]
[Result "1/2-1/2"]
[WhiteElo "2216"]
[BlackElo "2142"]
[PlyCount "83"]
[EventDate "2014.01.25"]
[EventType "team"]
[EventRounds "11"]
[EventCountry "ESP"]
[SourceTitle "EXT 2015"]
[Source "ChessBase"]
[SourceDate "2014.11.20"]
[SourceVersion "1"]
[SourceVersionDate "2014.11.20"]
[SourceQuality "1"]
[WhiteTeam "Figueres"]
[BlackTeam "Sant Andreu"]
[WhiteTeamCountry "ESP"]
[BlackTeamCountry "ESP"]

1. d4 d5 2. c4 e6 3. Nf3 Nf6 4. Nc3 Be7 5. Bg5 h6 6. Bh4 0-0 7. e3 Ne4 8. Bxe7 Qxe7 9. cxd5 Nxc3 10. bxc3 exd5 11. Be2 c5 12. 0-0 Nc6 13. Qa4 Bf5 14. dxc5 Qxc5 15. Nd4 Be4 16. Nxc6 Qxc6 17. Qxc6 bxc6 18. Bf3 Bxf3 19. gxf3 Rab8 20. Rfb1 Rfc8 21. Kf1 Kf8 22. Ke2 Ke7 23. Kd3 Kd6 24. Rb3 Kc5 25. Rg1 g6 26. Rg4 Rb6 27. Ra4 Rc7 28. Ra5+ Kd6 29. c4 dxc4+ 30. Kxc4 Rcb7 31. f4 Ke6 32. Re5+ Kf6 33. Re8 Rd7 34. Rc8 Ra6 35. Rb2 Kf5 36. f3 Ra3 37. Re8 Ra4+ 38. Kc5 Kf6 39. Re4 Ra3 40. Kb4 Ra6 41. Re5 Rb6+ 42. Kc3 1/2-1/2

[Event "Catalunya-chT"]
[Site "Catalunya"]
[Date "2014.02.22"]
[Round "5.3"]
[White "Yastrebova, Tatiana"]
[Black "Gonzalez Hernandez, Ferran"]
[Result "1-0"]
[WhiteElo "1967"]
[BlackElo "2142"]
[PlyCount "73"]
[EventDate "2014.01.25"]
[EventType "team"]
[EventRounds "11"]
[EventCountry "ESP"]
[SourceTitle "EXT 2015"]
[Source "ChessBase"]
[SourceDate "2014.11.20"]
[SourceVersion "1"]
[SourceVersionDate "2014.11.20"]
[SourceQuality "1"]
[WhiteTeam "Barcelona Escola Escacs"]
[BlackTeam "Sant Andreu"]
[WhiteTeamCountry "ESP"]
[BlackTeamCountry "ESP"]

1. d4 d5 2. c4 e6 3. Nc3 Be7 4. Nf3 Nf6 5. Bg5 h6 6. Bh4 0-0 7. e3 Ne4 8. Bxe7 Qxe7 9. Bd3 Nxc3 10. bxc3 dxc4 11. Bxc4 Nd7 12. 0-0 c5 13. e4 b6 14. Qe2 Bb7 15. Rfd1 Nf6 16. Bd3 Rfd8 17. Rac1 Rac8 18. Bb1 Qc7 19. e5 Nd7 20. Qe3 Nf8 21. Re1 Qd7 22. Rcd1 Qe7 23. Nd2 Rd7 24. Be4 cxd4 25. cxd4 Bxe4 26. Nxe4 Qb4 27. Nd6 Rc2 28. Qb3 Qxb3 29. axb3 Ng6 30. g3 Ne7 31. Rc1 Rdc7 32. Rxc2 Rxc2 33. Re3 Ng6 34. Rf3 f6 35. exf6 gxf6 36. Rxf6 Nf8 37. Rf7 1-0

[Event "Catalunya-chT"]
[Site "Catalunya"]
[Date "2014.02.15"]
[Round "4.3"]
[White "Saenz Rebull, Jordi"]
[Black "Gonzalez Hernandez, Ferran"]
[Result "0-1"]
[WhiteElo "2107"]
[BlackElo "2142"]
[PlyCount "130"]
[EventDate "2014.01.25"]
[EventType "team"]
[EventRounds "11"]
[EventCountry "ESP"]
[SourceTitle "EXT 2015"]
[Source "ChessBase"]
[SourceDate "2014.11.20"]
[SourceVersion "1"]
[SourceVersionDate "2014.11.20"]
[SourceQuality "1"]
[WhiteTeam "Tres Peons"]
[BlackTeam "Sant Andreu"]
[WhiteTeamCountry "ESP"]
[BlackTeamCountry "ESP"]

1. e4 c5 2. c3 d5 3. exd5 Qxd5 4. d4 Nf6 5. Nf3 Bg4 6. Be2 e6 7. 0-0 Nc6 8. Na3 cxd4 9. Nb5 Rc8 10. Nbxd4 Nxd4 11. Nxd4 Bxe2 12. Qxe2 Be7 13. Rd1 a6 14. a4 0-0 15. Bf4 Rfd8 16. Bg3 Qe4 17. f3 Qg6 18. Bf2 Nd5 19. Qe4 Qxe4 20. fxe4 Nf6 21. Bh4 Kf8 22. Bxf6 Bxf6 23. Nf3 Rc4 24. e5 Be7 25. Rxd8+ Bxd8 26. Kf1 Bc7 27. Rd1 Rxa4 28. b3 Rf4 29. Ke2 Ke7 30. Ke3 Rg4 31. g3 f6 32. exf6+ gxf6 33. Nd2 h5 34. Kf3 Rg5 35. Ne4 Rf5+ 36. Kg2 Rb5 37. Rb1 Re5 38. Kf3 Bb6 39. c4 f5 40. Ng5 Re3+ 41. Kg2 Kf6 42. Nf3 Re2+ 43. Kh3 Rf2 44. Nh4 e5 45. b4 Bd4 46. Rc1 Ke6 47. c5 Kd5 48. Ng6 Rb2 49. Ne7+ Ke6 50. c6 bxc6 51. Nxc6 Be3 52. Re1 f4 53. gxf4 Bxf4 54. Nd4+ Kd5 55. Ne2 Rxb4 56. Nxf4+ Rxf4 57. Ra1 Rf6 58. Kh4 e4 59. Kxh5 e3 60. Kg5 Rf8 61. Ra5+ Ke4 62. Rxa6 Rg8+ 63. Kf6 Rh8 64. Ra4+ Kf3 65. h4 e2 0-1

[Event "Catalunya-chT"]
[Site "Catalunya"]
[Date "2014.02.08"]
[Round "3.2"]
[White "Roca Diaz, Miguel Angel"]
[Black "Gonzalez Hernandez, Ferran"]
[Result "0-1"]
[WhiteElo "2043"]
[BlackElo "2142"]
[PlyCount "94"]
[EventDate "2014.01.25"]
[EventType "team"]
[EventRounds "11"]
[EventCountry "ESP"]
[SourceTitle "CBM 158 Extra"]
[Source "ChessBase"]
[SourceDate "2014.02.28"]
[SourceVersion "1"]
[SourceVersionDate "2014.02.28"]
[SourceQuality "1"]
[WhiteTeam "Sitges"]
[BlackTeam "Sant Andreu"]
[WhiteTeamCountry "ESP"]
[BlackTeamCountry "ESP"]

1. d4 d5 2. c4 e6 3. Nf3 Nf6 4. g3 Bb4+ 5. Bd2 Be7 6. Bg2 c6 7. 0-0 0-0 8. Nc3 b6 9. b3 Ba6 10. Qc2 Nbd7 11. Rfe1 Rc8 12. Na4 b5 13. Nb2 c5 14. dxc5 Bxc5 15. b4 Bd6 16. c5 Bb8 17. Bc3 e5 18. Qf5 Qe7 19. Red1 Bb7 20. Bd2 Ne4 21. Ng5 g6 22. Qh3 Nxg5 23. Bxg5 Qxg5 24. Qxd7 Bc6 25. h4 Qh5 26. Qh3 Qxe2 27. Nd3 e4 28. Nf4 Qb2 29. h5 Bxf4 30. hxg6 hxg6 31. gxf4 Qxb4 32. f5 Qb2 33. fxg6 fxg6 34. Qg3 Qf6 35. Rab1 Rf7 36. Bxe4 dxe4 37. Rd6 Qe7 38. Rbd1 Be8 39. R1d5 Rf6 40. Qg5 Kg7 41. Re5 Qf7 42. Rxe4 Rc6 43. Rh4 Kg8 44. Qe5 Rcxd6 45. cxd6 Bd7 46. Rh6 Qe6 47. Qg3 Qg4 0-1

[Event "Catalunya-chT"]
[Site "Catalunya"]
[Date "2014.02.01"]
[Round "2.4"]
[White "Ribes Cabrera, Josep Lluis"]
[Black "Gonzalez Hernandez, Ferran"]
[Result "0-1"]
[WhiteElo "1827"]
[BlackElo "2142"]
[PlyCount "80"]
[EventDate "2014.01.25"]
[EventType "team"]
[EventRounds "11"]
[EventCountry "ESP"]
[SourceTitle "CBM 158 Extra"]
[Source "ChessBase"]
[SourceDate "2014.02.28"]
[SourceVersion "1"]
[SourceVersionDate "2014.02.28"]
[SourceQuality "1"]
[WhiteTeam "Reus Deportiu"]
[BlackTeam "Sant Andreu"]
[WhiteTeamCountry "ESP"]
[BlackTeamCountry "ESP"]

1. b3 e5 2. Bb2 Nc6 3. e3 Nf6 4. Bb5 Bd6 5. Na3 a6 6. Bxc6 dxc6 7. Nc4 Qe7 8. Nxd6+ cxd6 9. Qe2 Bg4 10. f3 Be6 11. e4 c5 12. c4 0-0 13. Qe3 Nh5 14. Ne2 f5 15. 0-0-0 f4 16. Qc3 b5 17. d3 a5 18. cxb5 a4 19. Kd2 axb3 20. axb3 Rab8 21. Qa5 Ra8 22. Qc3 Rfb8 23. Ra1 Rxa1 24. Rxa1 Rxb5 25. Ra8+ Kf7 26. Ra3 Rb7 27. Kc2 Qg5 28. g3 fxg3 29. Bc1 Qf6 30. Nxg3 Nxg3 31. hxg3 Qxf3 32. Qe1 h6 33. Bd2 g5 34. b4 Rc7 35. Kb2 Qg2 36. Ka1 cxb4 37. Bxb4 Rc2 38. Ra7+ Kf6 39. Qb1 Qf2 40. Ra3 Qd4+ 0-1

[Event "Catalunya-chT Honor"]
[Site "Catalunya"]
[Date "2013.04.13"]
[Round "11.9"]
[White "Gardela Batlle, Jordi"]
[Black "Gonzalez Hernandez, Ferran"]
[Result "0-1"]
[WhiteElo "2202"]
[BlackElo "2086"]
[PlyCount "136"]
[EventDate "2013.01.19"]
[EventType "team-tourn"]
[EventRounds "11"]
[EventCountry "ESP"]
[SourceTitle "EXT 2014"]
[Source "ChessBase"]
[SourceDate "2013.11.20"]
[SourceVersion "1"]
[SourceVersionDate "2013.11.20"]
[SourceQuality "1"]
[WhiteTeam "Badalona Sant Josep"]
[BlackTeam "Sant Andreu"]
[WhiteTeamCountry "ESP"]
[BlackTeamCountry "ESP"]

1. Nf3 d5 2. d4 Nf6 3. c4 e6 4. cxd5 exd5 5. Bg5 Be7 6. Nc3 c6 7. Qc2 g6 8. e3 Bf5 9. Bd3 Bxd3 10. Qxd3 0-0 11. 0-0 Re8 12. Bxf6 Bxf6 13. b4 Nd7 14. b5 Nb6 15. Nd2 Rc8 16. bxc6 Rxc6 17. Rfc1 Qd7 18. Nb3 Be7 19. Na5 Rc7 20. Nb5 Rxc1+ 21. Rxc1 a6 22. Nc3 Bb4 23. Nb3 Rc8 24. Ne2 Rxc1+ 25. Nbxc1 Qc6 26. Qb3 Bd6 27. g3 Nc4 28. a4 Nb6 29. Nc3 Nxa4 30. Nxa4 Qxc1+ 31. Kg2 Qc4 32. Qb6 Qxa4 33. Qxd6 Qc6 34. Qb8+ Kg7 35. Qe5+ Kf8 36. g4 b5 37. f4 Qc2+ 38. Kf3 Qd1+ 39. Kf2 Qd2+ 40. Kf3 Qd1+ 41. Kf2 Qc2+ 42. Kf3 Qc6 43. h4 f6 44. Qb8+ Kg7 45. h5 Qc2 46. Qb7+ Kh6 47. Qxd5 Qh2 48. g5+ fxg5 49. fxg5+ Kxh5 50. Qf7 Kxg5 51. Qe7+ Kh6 52. Qf8+ Kg5 53. Qd8+ Kf5 54. e4+ Ke6 55. Qe8+ Kf6 56. Qf8+ Ke6 57. d5+ Kd7 58. Qg7+ Kd8 59. Qf6+ Kd7 60. Qc6+ Kd8 61. d6 Qh3+ 62. Kf4 Qc8 63. Qd5 Qc1+ 64. Kg4 Qg1+ 65. Kh4 Qh2+ 66. Kg4 Qh5+ 67. Qxh5 gxh5+ 68. Kxh5 b4 0-1

[Event "Catalunya-chT Honor"]
[Site "Catalunya"]
[Date "2013.03.16"]
[Round "9.8"]
[White "Gonzalez Hernandez, Ferran"]
[Black "Van Hasselt, Frank"]
[Result "1-0"]
[WhiteElo "2086"]
[BlackElo "2248"]
[PlyCount "51"]
[EventDate "2013.01.19"]
[EventType "team-tourn"]
[EventRounds "11"]
[EventCountry "ESP"]
[SourceTitle "EXT 2014"]
[Source "ChessBase"]
[SourceDate "2013.11.20"]
[SourceVersion "1"]
[SourceVersionDate "2013.11.20"]
[SourceQuality "1"]
[WhiteTeam "Sant Andreu"]
[BlackTeam "Andorra"]
[WhiteTeamCountry "ESP"]
[BlackTeamCountry "AND"]

1. e4 d6 2. d4 Nf6 3. Nc3 c6 4. a4 Nbd7 5. Nf3 e5 6. Bc4 Be7 7. 0-0 0-0 8. Re1 Qc7 9. h3 b6 10. d5 c5 11. Nh2 Re8 12. a5 bxa5 13. Nb5 Qb7 14. Bf1 a6 15. Na3 Nb6 16. Nc4 Nxc4 17. Bxc4 Bd7 18. b3 Bb5 19. Qe2 Bxc4 20. Qxc4 Qb5 21. Qc3 Bd8 22. Nf1 Bb6 23. Nd2 Qb4 24. Bb2 Qd4 25. Nc4 Bc7 26. Qf3 1-0

[Event "Catalunya-chT Honor"]
[Site "Catalunya"]
[Date "2013.03.09"]
[Round "8.10"]
[White "Parals Marce, Luis"]
[Black "Gonzalez Hernandez, Ferran"]
[Result "0-1"]
[WhiteElo "2022"]
[BlackElo "2086"]
[PlyCount "78"]
[EventDate "2013.01.19"]
[EventType "team-tourn"]
[EventRounds "11"]
[EventCountry "ESP"]
[SourceTitle "EXT 2014"]
[Source "ChessBase"]
[SourceDate "2013.11.20"]
[SourceVersion "1"]
[SourceVersionDate "2013.11.20"]
[SourceQuality "1"]
[WhiteTeam "Figueres"]
[BlackTeam "Sant Andreu"]
[WhiteTeamCountry "ESP"]
[BlackTeamCountry "ESP"]

1. d4 d5 2. Nf3 Nf6 3. e3 e6 4. Bd3 Be7 5. 0-0 0-0 6. b3 c5 7. Bb2 Nc6 8. a3 b6 9. Nbd2 Bb7 10. Qe2 Rc8 11. c4 Rc7 12. cxd5 exd5 13. Ne5 Qd6 14. Rad1 Bd8 15. f4 Re7 16. Rf3 cxd4 17. exd4 g6 18. b4 Nd7 19. b5 Nxd4 20. Bxd4 f6 21. Re3 fxe5 22. fxe5 Qe6 23. Nf3 Rf4 24. h3 Re8 25. g3 Rf7 26. g4 Nc5 27. Bb1 a6 28. Ba2 axb5 29. Bc3 Qd7 30. Nd4 Bg5 31. Rf3 Rxf3 32. Nxf3 Be7 33. Nd4 Ne6 34. Nxe6 Qxe6 35. Qxb5 Bc5+ 36. Kh2 Rf8 37. Rd2 Rf3 38. Bb2 Qf7 39. h4 Qf4+ 0-1

[Event "ESP-ch U18"]
[Site "Salobrena"]
[Date "2012.07.29"]
[Round "9"]
[White "Garcia del Campo, Efren"]
[Black "Gonzalez Hernandez, Ferran"]
[Result "1/2-1/2"]
[WhiteElo "1936"]
[BlackElo "2101"]
[PlyCount "102"]
[EventDate "2012.07.23"]
[EventType "swiss"]
[EventRounds "9"]
[EventCountry "ESP"]
[SourceTitle "EXT 2014"]
[Source "ChessBase"]
[SourceDate "2013.11.20"]
[SourceVersion "1"]
[SourceVersionDate "2013.11.20"]
[SourceQuality "1"]

1. e4 c5 2. Nf3 Nc6 3. d4 cxd4 4. Nxd4 Nf6 5. Nc3 d6 6. Be2 e5 7. Nb3 Be7 8. 0-0 0-0 9. f4 a5 10. Be3 a4 11. Nd2 exf4 12. Rxf4 Ne5 13. Nc4 Nxc4 14. Bxc4 Be6 15. Rf1 Nd7 16. Nd5 Ne5 17. c3 Bxd5 18. exd5 Bf6 19. Bd3 Nxd3 20. Qxd3 Be5 21. Bd4 Re8 22. Rae1 f6 23. Re3 Ra6 24. Rfe1 Qd7 25. Kf1 g6 26. c4 Rc8 27. Bxe5 fxe5 28. Rf3 Raa8 29. Re2 Qg4 30. Re4 Qg5 31. Qe3 Qxe3 32. Rfxe3 Rc5 33. Rf3 b5 34. Rf6 bxc4 35. Rxd6 a3 36. bxa3 c3 37. Rc6 Rc8 38. Rxc8+ Rxc8 39. Re1 Kf7 40. Ke2 Ke7 41. d6+ Kxd6 42. Rc1 c2 43. Re1 Ke7 44. Rc1 Kd6 45. Re1 Ke7 46. Kd3 Kd6 47. Ke2 Ke7 48. Kd3 Kd6 49. Rc1 Kd5 50. Kd2 Rh8 51. Ra1 Ra8 1/2-1/2

[Event "ESP-ch U18"]
[Site "Salobrena"]
[Date "2012.07.25"]
[Round "5"]
[White "Gonzalez Hernandez, Ferran"]
[Black "Mercado Larrea, Adrian"]
[Result "1-0"]
[WhiteElo "2101"]
[BlackElo "1875"]
[PlyCount "177"]
[EventDate "2012.07.23"]
[EventType "swiss"]
[EventRounds "9"]
[EventCountry "ESP"]
[SourceTitle "EXT 2014"]
[Source "ChessBase"]
[SourceDate "2013.11.20"]
[SourceVersion "1"]
[SourceVersionDate "2013.11.20"]
[SourceQuality "1"]

1. e4 c5 2. Nf3 Nc6 3. Bb5 g6 4. 0-0 Bg7 5. Re1 e5 6. Bxc6 dxc6 7. b3 Qe7 8. Bb2 Bg4 9. d3 Bxf3 10. Qxf3 Nf6 11. Nd2 0-0 12. Nc4 Nd7 13. a4 a5 14. Qg3 b6 15. f4 f6 16. Rf1 Rf7 17. Rf3 Raf8 18. Raf1 g5 19. f5 h5 20. R3f2 Bh8 21. Bc1 Rh7 22. Re2 Rb8 23. Qe1 Bg7 24. Be3 Bf8 25. Qd2 Qd8 26. Nb2 Rb7 27. Rd1 Nb8 28. c3 Rbd7 29. Qc2 Na6 30. Red2 Qc7 31. Kh1 Bd6 32. Bg1 Rd8 33. d4 Rhd7 34. d5 Be7 35. Nc4 cxd5 36. exd5 Bd6 37. Qe4 Rh7 38. Na3 Qe7 39. Re1 Kh8 40. Qc4 Nc7 41. Qd3 Rb8 42. Nc4 Qd8 43. Rb1 Rd7 44. Bf2 Kh7 45. Be1 Kh6 46. Qe4 Na6 47. Na3 Ra8 48. Qe3 Kh7 49. Rd3 Be7 50. Rbd1 Bd6 51. Qe4 Kg8 52. Rh3 Rh7 53. Qe2 h4 54. g3 hxg3 55. Rxh7 Kxh7 56. hxg3 Kg7 57. Kg2 Qd7 58. Nc4 Bc7 59. d6 Bd8 60. Ne3 Ra7 61. Kf2 Nb8 62. Qg4 Qe8 63. Bd2 Kh8 64. Rh1+ Rh7 65. Rxh7+ Kxh7 66. Qh3+ Kg7 67. Ng4 Qh8 68. Qxh8+ Kxh8 69. Ke3 Kg8 70. Ke4 Kf8 71. Kd5 Kf7 72. Nf2 Nd7 73. Be3 Ke8 74. Ne4 Nb8 75. Ke6 Nd7 76. Kd5 Nb8 77. Nd2 Kd7 78. Nc4 Nc6 79. Bf2 Nb8 80. Na3 Nc6 81. Nb5 Nb8 82. Na7 e4 83. Be3 Ke8 84. Nc6 Nd7 85. Bf2 Nf8 86. Nb8 Nd7 87. Nxd7 Kxd7 88. Be3 Kc8 89. Kc6 1-0

[Event "Barcelona Barri Gotic op 1st"]
[Site "Barcelona"]
[Date "2012.06.04"]
[Round "6.5"]
[White "Delgado Pico, Lluis"]
[Black "Gonzalez Hernandez, Ferran"]
[Result "1/2-1/2"]
[WhiteElo "2023"]
[BlackElo "2049"]
[PlyCount "71"]
[EventDate "2012.04.23"]
[EventType "swiss"]
[EventRounds "8"]
[EventCountry "ESP"]
[SourceTitle "EXT 2024"]
[Source "ChessBase"]
[SourceDate "2023.10.10"]
[SourceVersion "1"]
[SourceVersionDate "2023.10.10"]
[SourceQuality "1"]

1. d4 d5 2. Nf3 Nf6 3. c4 e6 4. Nc3 Be7 5. Bf4 0-0 6. e3 b6 7. Be2 Ba6 8. Ne5 c5 9. 0-0 Qc8 10. cxd5 Bxe2 11. Qxe2 exd5 12. Rfd1 Qe6 13. Qf3 Rd8 14. Rac1 Nbd7 15. Nxd7 Rxd7 16. Bg5 Rc8 17. dxc5 Rxc5 18. b4 Rc6 19. Bxf6 Bxf6 20. Ne2 Rxc1 21. Rxc1 g6 22. Nf4 Qe5 23. Nd3 Qe7 24. g3 Kg7 25. Qf4 d4 26. exd4 Rxd4 27. Qf3 Bg5 28. Rc3 Bd2 29. Rb3 Bxb4 30. Nxb4 Qe1+ 31. Kg2 Rxb4 32. Re3 Qc1 33. Rc3 Qg5 34. Rc7 Qf6 35. Rxa7 Rb2 36. a4 1/2-1/2